000 00358nam a2200157Ia 4500
008 210716s2003 xx 000 0 und d
020 _a9812542663
041 _aeng
082 _a658.315 BERL
100 _aBerry, L;illy M.
245 _aEmployee selection.
250 _a1
260 _aAustralia
_bThomson
_c2003
300 _axx,506
650 _aNone
999 _c202079
_d202079